| 000 | 00680nam a2200217 i 4500 | ||
|---|---|---|---|
| 001 | 44812 | ||
| 003 | ES-MaACL | ||
| 005 | 20250825102808.0 | ||
| 007 | t| | ||
| 008 | 030324s1981 sp ||||1| spa d | ||
| 245 | 0 | 0 |
_aCódigo penal : _btexto refundido conforme a la Ley 44/1971, de 15 de noviembre. |
| 250 | _a18ª ed. | ||
| 260 |
_aMadrid : _bBoletín Oficial del Estado, _c1981. |
||
| 300 |
_a417 p. ; _c17 cm. |
||
| 490 | 1 |
_aTextos legales ; _v24 |
|
| 655 | 0 |
_aLegislación _9226283 |
|
| 830 | 1 |
_aTextos legales ; _v24 _9178122 |
|
| 852 | 4 |
_aES-MaACL _946487 _bR.103521 _jG-16115 _cDEPO2 _dOlim: A-5452 |
|
| 942 |
_2udc _cMONOGRAFIA _n0 |
||
| 999 |
_c44812 _d44812 |
||